Selction from shelly (Record no. 1004892)

MARC details
000 -LEADER
fixed length control field 00453nam a2200181Ia 4500
008 - FIXED-LENGTH DATA ELEMENTS--GENERAL INFORMATION
fixed length control field 151018s9999 xx 000 0 und d
082 ## - DEWEY DECIMAL CLASSIFICATION NUMBER
Item number RBASDV2470
Classification number 821
100 ## - MAIN ENTRY--PERSONAL NAME
Personal name E. H. Blavatsky
245 ## - TITLE STATEMENT
Title Selction from shelly
250 ## - EDITION STATEMENT
Remainder of edition statement 1
260 ## - PUBLICATION, DISTRIBUTION, ETC. (IMPRINT)
Name of publisher, distributor, etc Macmillan India ltd.
Date of publication, distribution, etc 1937
300 ## - PHYSICAL DESCRIPTION
Extent 111
600 ## - SUBJECT ADDED ENTRY--PERSONAL NAME
Personal name E. H. Blavatsky
630 ## - SUBJECT ADDED ENTRY--UNIFORM TITLE
Uniform title Selction from shelly
700 ## - ADDED ENTRY--PERSONAL NAME
Personal name E. H. Blavatsky
730 ## - ADDED ENTRY--UNIFORM TITLE
Uniform title Selction from shelly
942 ## - ADDED ENTRY ELEMENTS (KOHA)
Koha item type Book
Holdings
Withdrawn status Lost status Damaged status Not for loan Home library Current library Date acquired Cost, normal purchase price Total Checkouts Full call number Barcode Date last seen Cost, replacement price Price effective from Koha item type
        R.B. Anant Shivaji Desai Vachanalaya and Granthalaya, Kudal R.B. Anant Shivaji Desai Vachanalaya and Granthalaya, Kudal 02/02/1960 4.00   RBASDV2470 RBASDV2470 10/18/2015 4.00 10/18/2015 Book